000
00326nam a22001457a 4500
020
_a
81-88779-50-4
082
_a
894.812.3
_b
MAD/P
100
_a
MADHAVIKUTTY
245
_a
MADHAVIKUTTYUDE PREMAKATHAKAL
260
_a
KOZHIKODE
_b
OLIVE PUBLICTIONS
_c
2008
300
_a
239
520
_a
NOVEL
650
_a
NOVEL
942
_c
BK
999
_c
4935
_d
4935